<?xml version="1.0" encoding="UTF-8"?>
<record
    xmlns:xsi="http://www.w3.org/2001/XMLSchema-instance"
    xsi:schemaLocation="http://www.loc.gov/MARC21/slim http://www.loc.gov/standards/marcxml/schema/MARC21slim.xsd"
    xmlns="http://www.loc.gov/MARC21/slim">

  <leader>00362nam a22001337a 4500</leader>
  <controlfield tag="005">20170530090433.0</controlfield>
  <controlfield tag="008">170530b        xxu||||| |||| 00| 0 eng d</controlfield>
  <datafield tag="040" ind1=" " ind2=" ">
    <subfield code="c">PK-LaUMT</subfield>
  </datafield>
  <datafield tag="082" ind1=" " ind2=" ">
    <subfield code="a">ZIAC 297.016</subfield>
    <subfield code="b">AFS-</subfield>
  </datafield>
  <datafield tag="245" ind1=" " ind2=" ">
    <subfield code="a">Afsad ul baiyat aghtiyal lulhiyat/</subfield>
  </datafield>
  <datafield tag="260" ind1=" " ind2=" ">
    <subfield code="a">&#x627;&#x644;&#x631;&#x6CC;&#x627;&#x636;:</subfield>
    <subfield code="b">&#x62D;&#x642;&#x648;&#x642; &#x627;&#x644;&#x637;&#x628;&#x639; &#x645;&#x62D;&#x641;&#x648;&#x638;&#x6C3;&#x60C;</subfield>
    <subfield code="c">1995</subfield>
  </datafield>
  <datafield tag="300" ind1=" " ind2=" ">
    <subfield code="a">166 &#x635;</subfield>
  </datafield>
  <datafield tag="942" ind1=" " ind2=" ">
    <subfield code="c">BK</subfield>
  </datafield>
  <datafield tag="999" ind1=" " ind2=" ">
    <subfield code="c">94127</subfield>
    <subfield code="d">94127</subfield>
  </datafield>
  <datafield tag="952" ind1=" " ind2=" ">
    <subfield code="0">0</subfield>
    <subfield code="1">0</subfield>
    <subfield code="4">0</subfield>
    <subfield code="7">0</subfield>
    <subfield code="a">01</subfield>
    <subfield code="b">01</subfield>
    <subfield code="d">2017-05-30</subfield>
    <subfield code="l">0</subfield>
    <subfield code="o">ZIAC 297.016 AFS-</subfield>
    <subfield code="p">109696</subfield>
    <subfield code="r">2017-05-30 00:00:00</subfield>
    <subfield code="w">2017-05-30</subfield>
    <subfield code="y">BK</subfield>
  </datafield>
</record>
